ბათუმის შოთა რუსთაველის სახელმწიფო უნივერსიტეტის ბიბლიოთეკა

ფილოსოფია : (ბიბ.ჩანაწერი № 62427)

000 -ლიდერი
ფიქსირებული სიგრძის საკონტროლო ველი 01128nam a22002177a 4500
003 - საკონტროლო ნომრის იდენტიფიკატორი
საკონტროლო ველი Ge_BSU
005 - ბოლო ოპერაციის თარიღი და დრო
საკონტროლო ველი 20241030170422.0
008 - ფიქსირებული სიგრძის მონაცემთა ელემენტები - ზოგადი ინფორმაცია
ფიქსირებული სიგრძის საკონტროლო ველი 241030s2023 ge ||||| |||| 00| 0 geo d
020 ## - წიგნის საერთაშორისო სტანდარტული ნომერი
International Standard Book Number 9789941371257
041 ## - ენის კოდი
Language code of text/sound track or separate title geo
080 ## - უნივერსალური ათობითი კლასიფიკაციის ინდექსი
Universal Decimal Classification number 1(09) უ-52
100 ## - მთავარი ჩანაწერი - პიროვნების სახელი
Personal name უორბერტონი, ნაიჯელ
9 (RLIN) 23562
245 ## - ცნობა სათაურის შესახებ
Title ფილოსოფია :
Remainder of title მოკლე ისტორია /
Statement of responsibility, etc ნაიჯელ უორბერტონი; მთარგმნელი რუსუდან მახათაძე; რედაქტორი ია ვეკუა; დიზაინერი ია გაბუნია.
264 ## - წარმოების, გამოცემის, დისტრიბუციის და სხვა ცნობები
გამოცემის, წარმოების, დისტრიბუციის... ადგილი თბილისი :
გამოცემის, წარმოების, დისტრიბუციის... სახელწოდება სულაკაური,
გამოცემის, წარმოების, დისტრიბუციის... თარიღი 2023.
300 ## - ფიზიკური აღწერა
Extent 299 გვ. ;
Other physical details 22 სმ.
653 ## - INDEX TERM--UNCONTROLLED
Uncontrolled term ფილოსოფია
700 ## - ADDED ENTRY--PERSONAL NAME
Personal name მახათაძე, რუსუდან
Relator term მთარგმნელი
9 (RLIN) 17574
700 ## - ADDED ENTRY--PERSONAL NAME
Personal name ვეკუა, ია
Relator term რედაქტორი
9 (RLIN) 21667
700 ## - ADDED ENTRY--PERSONAL NAME
Personal name მახათაძე, რუსუდან
Relator term მთარგმნელი
9 (RLIN) 17574
942 ## - ADDED ENTRY ELEMENTS (KOHA)
Source of classification or shelving scheme
Koha item type წიგნი
ეგზემპლარები
ჩამოწერის სტატუსი დაკარგული ეგზემპლარის სტატუსი კლასიფიკაციის წყარო ან თაროზე გაწყობის სქემა დაზიანების სტატუსი არ გაიცემა მუდმივი მდებარეობა (დაცვის ადგილი) ამჟამინდელი ადგილსამყოფელი თაროზე განთავსების ადგილი შეძენის თარიღი ღირებულება, შესყიდვის ნორმალური ფასი სრული შენახვის შიფრი შტრიხკოდი ბოლო ოპერაციის თარიღი ეგზემპლარის მიმდევრობითი ნომერი (კეტერი?) ფასის ძალაში შესვლის თარიღი ეგზემპლარის სახეობა საჯარო შენიშვნა
          ბათუმის შოთა რუსთაველის სახელმწიფო უნივერსიტეტის მთავარი ბიბლიოთეკა ბათუმის შოთა რუსთაველის სახელმწიფო უნივერსიტეტის მთავარი ბიბლიოთეკა წიგნსაცავი 2024-10-30 15.90 1(09) უ-52 69554 2024-10-30 69554 2024-10-30 წიგნი 15 ლ. 90 თ.